Schaum's outline of theory and problems of set theory and related topics / (Record no. 181859)

000 -LEADER
fixed length control field 00607 a2200181 4500
003 - CONTROL NUMBER IDENTIFIER
control field Nust
005 - DATE AND TIME OF LATEST TRANSACTION
control field 20221108094852.0
020 ## - INTERNATIONAL STANDARD BOOK NUMBER
International Standard Book Number 007990131
040 ## - CATALOGING SOURCE
Transcribing agency Nust
082 ## - DEWEY DECIMAL CLASSIFICATION NUMBER
Classification number 511.322,LIP
100 ## - MAIN ENTRY--PERSONAL NAME
Personal name Lipschutz, Semour
9 (RLIN) 102454
245 ## - TITLE STATEMENT
Title Schaum's outline of theory and problems of set theory and related topics /
Statement of responsibility, etc. Semour Lipschutz
260 ## - PUBLICATION, DISTRIBUTION, ETC.
Place of publication, distribution, etc. Singapore
Name of publisher, distributor, etc. Mc-Graw Hill
Date of publication, distribution, etc. 1964
300 ## - PHYSICAL DESCRIPTION
Extent 232 p.
505 ## - FORMATTED CONTENTS NOTE
Formatted contents note Elementary Theory of Sets (Page-1), Cardinals, Ordinals and Transfinite Induction (Page-134), Related Topics (Page-187).
650 ## - SUBJECT ADDED ENTRY--TOPICAL TERM
Topical term or geographic name entry element Set Theory
9 (RLIN) 39088
942 ## - ADDED ENTRY ELEMENTS (KOHA)
Source of classification or shelving scheme
Koha item type Book
Call number prefix 511.322,LIP
Holdings
Withdrawn status Lost status Source of classification or shelving scheme Damaged status Not for loan Permanent Location Current Location Shelving location Date acquired Full call number Barcode Date last seen Price effective from Koha item type Public note
          Military College of Signals (MCS) Military College of Signals (MCS) General Stacks 12/12/2016 511.322,LIP MCS27652 12/08/2016 12/12/2016 Book Almirah No.82, Shelf No.2
          Military College of Signals (MCS) Military College of Signals (MCS) General Stacks 12/12/2016 511.322,LIP MCS27712 12/08/2016 12/12/2016 Book Almirah No.10, Shelf No.5
          Military College of Signals (MCS) Military College of Signals (MCS) General Stacks 12/12/2016 511.322,LIP MCS7540 12/08/2016 12/12/2016 Book Almirah No.76, Shelf No.2
© 2023 Central Library, National University of Sciences and Technology. All Rights Reserved.